000
00327nam a2200109Ia 4500
008
200302s9999 xx 000 0 und d
100
_a
Christian Boch ed.,
245
_a
Architectural Atmospheres on the Experience and Politics of Architecture
260
_b
Birkhauser Publishers for Architecture
260
_c
2014
300
_a
111
999
_c
3612
_d
3612